Manual dels problemes psicosocials dels usuaris dels serveis de planificació familiar
ISBN:
84-7794-188-2
Descripción Física:
147 p. ; 24 cm
Colección:
Butlletí planificació familiar ; 7
MARC
| LEADER | 00000nam a2200000Ia 4500 | ||
|---|---|---|---|
| 001 | 16453 | ||
| 008 | 160829s1992 xx 000 0 cat d | ||
| 020 | |a 84-7794-188-2 | ||
| 080 | |a C-2-349 | ||
| 245 | |a Manual dels problemes psicosocials dels usuaris dels serveis de planificació familiar | ||
| 260 | |a Barcelona : |b Diputació de Barcelona. Servei de Salut Pública y Consum, |c 1992 | ||
| 300 | |a 147 p. ; |c 24 cm | ||
| 490 | |a Butlletí planificació familiar ; 7 | ||
| 650 | |a Control de la natalitat |x Aspectes psicològics |9 21935 | ||
| 650 | |a Sexualitat (Psicologia) |9 21936 | ||
| 710 | 1 | |a Barcelona (Catalunya : Província). |b Servei de Sanitat |9 54402 | |
| 901 | |a Arxiu | ||
| 942 | |n 1 | ||
| 952 | |0 0 |1 0 |4 0 |6 C2349 |7 1 |9 41948 |a Arxiu |b Arxiu |d 2016-12-01 |l 0 |o C-2-349 |p 16453 |r 2016-12-01 00:00:00 |w 2016-12-01 |y ARXIU | ||
| 999 | |c 44395 |d 44395 | ||